| 000 | 00363nam a2200121Ia 4500 | ||
|---|---|---|---|
| 008 | 170221s9999 xx 000 0 und d | ||
| 100 | _aJohn Teale | ||
| 245 | _aImproving Financial Planning Graduate Employability Through Enterprise Education | ||
| 245 | _cJohn Teale | ||
| 260 | _c2013 | ||
| 650 | _xBusiness | ||
| 856 | _uhttp://ro.uow.edu.au/aabfj/vol7/iss3/6/ | ||
| 999 |
_c309571 _d309571 |
||